Текст томруулах:    
Designing and managing the supply chain (Бичлэгийн дугаар. 145751)
000 -УДИРДЛАГА
Удирдлага 01700 a2200469 4500
003 - ХЯНАЛТЫН ТОО ТОДОРХОЙЛОГЧ
Код MN-UlNUM
005 - БИЧИЛТ ХИЙСЭН ОГНОО
Тухайн бичилтийг бичсэн засварласан сүүлийн огноо 20251125162224.0
008 - ЕРӨНХИЙ МЭДЭЭЛЭЛ
Ерөнхий мэдээлэл 110605s2003 maua b 001 0 eng
020 ## - ISBN
ISBN 0072492562
-- 0071198962
040 ## - БИЧЛЭГ ҮҮСГЭГЧ БАЙГУУЛЛАГА
Бичлэг үүсгэгч номын сангийн код МУИС-ийн номын сан
084 ## - ББК АНГИЛАЛ
ББК ангилал 65.290-2
Зохиогчийн гурван тэмдэгт S 61
Нэмэлт тусгалт Гарын авлага
Мэдлэгийн ялгаа 65 - Эдийн засаг
100 1# - ЗОХИОГЧ
Зохиогчийн нэр Simchi-Levi, David
245 10 - ҮНДСЭН ГАРЧИГ
Номын нэр Designing and managing the supply chain
Бага гарчгийн мэдээ Concepts, strategies, and case studies
Оролцогчдын тухай мэдээ David Simchi-Levi, Philip Kaminsky, Edith Simchi-Levi
246 14 - ЗЭРЭГЦЭЭ ГАРЧИГ
Зэрэгцээ гарчиг Designing & managing the supply chain
250 ## - ДАХИН ХЭВЛЭЛТ
Дахин гаралтын дугаар 2nd ed.
260 ## - ГАРАЛТЫН МЭДЭЭ
Хэвлэгдсэн газар Boston
Хэвлэлийн газар McGraw-Hill/Irwin
Хэвлэгдсэн он 2003
300 ## - МАТЕРИАЛЫН ТОДОРХОЙЛОЛТ
хуудасны тоо xxvii, 354 p.
Бусад тоон мэдээлэл ill.
Хэмжээ 27 cm
500 ## - Тайлбар
Дансны дугаар БС 5921-5922
546 ## - ХЭЛНИЙ ТУХАЙ МЭДЭЭ
Хэл Англи хэл дээр,
653 ## - Түлхүүр үг
Түлхүүр үг physical distribution of goods
653 ## - Түлхүүр үг
Түлхүүр үг management
653 ## - Түлхүүр үг
Түлхүүр үг marketing channels
653 ## - Түлхүүр үг
Түлхүүр үг business logistics
653 ## - Түлхүүр үг
Түлхүүр үг industrial procurement
700 1# - ХАМ ЗОХИОГЧИД
Ба бус Kaminsky, Philip
700 1# - ХАМ ЗОХИОГЧИД
Ба бус Simchi-Levi, Edith
740 ## - НОМЫН ГАРЧИГ
Гарчиг Introduction to supply chain management
740 ## - НОМЫН ГАРЧИГ
Гарчиг Logistics network configuration
740 ## - НОМЫН ГАРЧИГ
Гарчиг Inventory management and risk pooling
740 ## - НОМЫН ГАРЧИГ
Гарчиг The value of information
740 ## - НОМЫН ГАРЧИГ
Гарчиг Supply chain integration
740 ## - НОМЫН ГАРЧИГ
Гарчиг Strategic alliances
740 ## - НОМЫН ГАРЧИГ
Гарчиг Procurement and outsourcing strategies
740 ## - НОМЫН ГАРЧИГ
Гарчиг International issues in supply chain management
740 ## - НОМЫН ГАРЧИГ
Гарчиг Coordinated product and supply chain design
740 ## - НОМЫН ГАРЧИГ
Гарчиг Customer value and supply chain management
740 ## - НОМЫН ГАРЧИГ
Гарчиг Information technology for supply chain management
740 ## - НОМЫН ГАРЧИГ
Гарчиг Decision-support systems for supply chain management
942 ## - ЭЛЕМЕНТИЙН ТӨРӨЛ
Зүйлийн төрөл Ном